EU Candidates and Potential Candidates - Statistics

General Stats
  • This quiz has been taken 99 times
  • The average score is 10 of 11
Answer Stats
Year of Application Status Negotiation Progress Answer % Correct
1987 Frozen Candidate 33 chapters screened1 chapter closed 14 chapters frozen Negotiation paused Turkey
100%
2022 Candidate 0 chapter screened Ukraine
100%
2016 Candidate 0 chapter screened Bosnia and Herzegovina
99%
2004 Candidate 33 chapters screened0 chapter opened North Macedonia
98%
2009 Candidate 34 chapters screened22 chapters opened 2 chapters closed Serbia
96%
2022 Candidate 0 chapter screened Moldova
95%
2008 Candidate 33 chapters opened3 chapters closed Montenegro
94%
2009 Candidate 34 chapters screened0 chapter opened Albania
93%
2022 Potential Candidate 0 chapter screened Kosovo
93%
2022 Potential Candidate 0 chapter screened Georgia
88%
2009 Frozen Candidate 33 chapters screened27 chapters opened 11 chapters closed Negotiation paused Iceland
73%
No matching quizzes found
Score Distribution
Percent of People with Each Score
Percentile by Number Answered
Your Score History
You have not taken this quiz